Estatísticas para Países de Língua Espanhola

Clique aqui para jogar o quiz

Estatísticas Gerais

  • Esse quiz foi jogado 5 042 vezes
  • A pontuação média é 18 de 22

Estatísticas das Respostas

País% Correto
Espanha
99%
Argentina
98%
Uruguai
95%
Chile
94%
Colômbia
94%
Venezuela
94%
México
92%
Paraguai
92%
Bolívia
91%
Equador
90%
Peru
90%
Cuba
84%
Panamá
83%
Costa Rica
80%
El Salvador
78%
Guatemala
78%
Honduras
78%
Nicarágua
77%
República Dominicana
67%
Belize
66%
Andorra
49%
Guiné Equatorial
31%

Distribuição das Pontuações

Percentil de Números Respondidos

Porcentagem de Pessoas com Cada Pontuação

Sua Pontuação Histórica

Você não jogou esse quiz